000 00280nam a22001337a 4500
008 170303b xxu||||| |||| 00| 0 eng d
020 _a9780131489882
041 _aeng
080 _a575
100 _a6
101 _ashm
245 _aESSENTIAL GENES
_cLEWIN.B
942 _2udc
_cBK
999 _c6735
_d6735